[Event "CHI-ch"]
[Site "Rancagua"]
[Date "2019.10.10"]
[Round "3.2"]
[White "Saavedra Ise, Jeder Fernando"]
[Black "Jaque Gutierrez, Matias"]
[Result "0-1"]
[WhiteElo "1193"]
[BlackElo "1873"]
[PlyCount "66"]
[EventDate "2019.10.10"]
[EventType "swiss"]
[EventRounds "7"]
[EventCountry "CHI"]
[SourceTitle "EXT 2024"]
[Source "ChessBase"]
[SourceDate "2023.10.10"]
[SourceVersion "1"]
[SourceVersionDate "2023.10.10"]
[SourceQuality "1"]

1. e4 c5 2. Nc3 g6 3. f4 Bg7 4. Nf3 Nc6 5. Bb5 e6 6. Bxc6 bxc6 7. e5 d5 8. 0-0 Ne7 9. d3 Nf5 10. Qe1 h5 11. Na4 Bf8 12. b3 Ba6 13. Ba3 c4 14. Bxf8 Kxf8 15. Nc5 Qb6 16. Qf2 Kg7 17. Nxa6 Qxa6 18. bxc4 dxc4 19. Qe2 Qb6+ 20. Kh1 h4 21. Qf2 Ng3+ 22. Kg1 Ne2+ 23. Kh1 Ng3+ 24. Kg1 Nxf1 25. Qxb6 axb6 26. Kxf1 cxd3 27. cxd3 Ra3 28. Ke2 h3 29. g3 Rha8 30. Rb1 Rxa2+ 31. Ke3 b5 32. Rb4 R8a4 33. Rb1 b4 0-1